<Die> Lehre von der Wirtschaft

Saved in:
Bibliographic Details
Format: Book
Language:German
Published: Zürich Eugen Rentsch 1946
Tags: Add Tag
No Tags, Be the first to tag this record!

MARC

LEADER 00000nam a2200000 4500
001 0268807
005 20240822101712.9
041 0 |a ger 
044 |a CH 
245 1 0 |a <Die> Lehre von der Wirtschaft  |c Wilhelm Reepke 
264 1 |a Zürich  |b Eugen Rentsch  |c 1946